Subdivision capitals closest to Brăila (RO) - Statistics

General Stats
  • This quiz has been taken 10 times
  • The average score is 10 of 20
Answer Stats
Distance (km) Answer % Correct
19 174 București
100%
11 133 Constanța
100%
18 166 Bacău
80%
6 91 Buzău
80%
1 20 Galați
80%
2 66 Tulcea
80%
10 130 Călărași (RO)
60%
4 78 Focșani
60%
7 93 Slobozia
60%
3 72 Cahul
40%
17 158 Ploiești
40%
13 140 Silistra
40%
16 154 Vaslui
40%
14 141 Basarabeasca
20%
8 114 Cantemir
20%
15 153 Cimișlia
20%
9 126 Comrat
20%
20 180 Hîncești
20%
12 136 Leova
20%
5 88 Taraclia
20%
No matching quizzes found
Score Distribution
Percent of People with Each Score
Percentile by Number Answered
Your Score History
You have not taken this quiz